LEADER 01578nam 2200469 450 001 000002041 005 20070503173100.0 010 $a88-404-3816-5 100 $a--------d1991----km-y0itay0103----ba 101 0 $aita 102 $aIT 200 1 $a<> Sikh$ela leggendaria setta dalle origini al 20. secolo$fLajwanti Rama Krishna 200 1 $a1 $n0001490 210 $aFirenze$cConvivio$dc1991 215 $a341 p.$d23 cm. 225 1 $aDocumentaria 300 $aSul frontespizio: con un ampliamento sui Sikh oggi di Roberto Bosi 312 $aTit. orig.: Les sikhs. Origine et développement de la Communauté 606 $aSikh 676 $a294.6 700 1$aRama Krishna,$bLajwanti$0438835 702 1$aBosi,$bRoberto 801 0$aIT$bUniversità della Basilicata - B.I.A.$gRICA$2unimarc 912 $a000002041 996 $aSikh$971755 997 $aUNIBAS BAS $aMONLET BAS $aMONOGR BAS $aLETTERE CAT $aLAURINO$b01$c19990811$lBAS01$h1058 CAT $aDILEO$b20$c19990812$lBAS01$h1722 CAT $c20000913$lBAS01$h1425 CAT $c20000920$lBAS01$h1829 CAT $c20001010$lBAS01$h1632 CAT $c20050601$lBAS01$h1752 CAT $abatch$b01$c20050718$lBAS01$h1047 CAT $c20050718$lBAS01$h1106 CAT $c20050718$lBAS01$h1136 CAT $c20050718$lBAS01$h1150 CAT $aBATCH$b00$c20070503$lBAS01$h1731 FMT Z30 -1$lBAS01$LBAS01$mBOOK$1BASA1$APolo Storico-Umanistico$2GEN$BCollezione generale$3FM/87580$9FM/87580$687580$5L87580$819990830$f02$FPrestabile Generale LEADER 03502nam 22007092 450 001 9910787620503321 005 20151005020621.0 010 $a1-107-70331-X 010 $a1-139-89374-2 010 $a1-107-70204-6 010 $a1-107-67120-5 010 $a1-107-69419-1 010 $a1-107-70406-5 010 $a1-107-59882-6 010 $a1-107-36028-5 035 $a(CKB)2670000000497635 035 $a(EBL)1543708 035 $a(SSID)ssj0001062892 035 $a(PQKBManifestationID)12404485 035 $a(PQKBTitleCode)TC0001062892 035 $a(PQKBWorkID)11016525 035 $a(PQKB)10825363 035 $a(UkCbUP)CR9781107360280 035 $a(MiAaPQ)EBC1543708 035 $a(Au-PeEL)EBL1543708 035 $a(CaPaEBR)ebr10826656 035 $a(CaONFJC)MIL568877 035 $a(OCoLC)867317064 035 $a(EXLCZ)992670000000497635 100 $a20130313d2013|||| uy| 0 101 0 $aeng 135 $aur||||||||||| 181 $ctxt$2rdacontent 182 $cc$2rdamedia 183 $acr$2rdacarrier 200 10$aBalancing constitutional rights $ethe origins and meanings of postwar legal discourse /$fJacco Bomhoff$b[electronic resource] 210 1$aCambridge :$cCambridge University Press,$d2013. 215 $a1 online resource (viii, 280 pages) $cdigital, PDF file(s) 225 1 $aCambridge studies in constitutional law ;$v10 300 $aTitle from publisher's bibliographic system (viewed on 05 Oct 2015). 311 $a1-107-62248-4 311 $a1-107-04441-3 320 $aIncludes bibliographical references and index. 327 $aQuestioning a global age of balancing -- Balancing's beginnings : concepts and interests -- A perfect constitutional order : balancing in German constitutional jurisprudence of the 1950s and 1960s -- A dangerous doctrine : balancing in US constitutional jurisprudence of the 1950s and 1960s -- Two paradigms of balancing. 330 $aThe language of balancing is pervasive in constitutional rights jurisprudence around the world. In this book, Jacco Bomhoff offers a comparative and historical account of the origins and meanings of this talismanic form of language, and of the legal discourse to which it is central. Contemporary discussion has tended to see the increasing use of balancing as the manifestation of a globalization of constitutional law. This book is the first to argue that 'balancing' has always meant radically different things in different settings. Bomhoff uses detailed case studies of early post-war US and German constitutional jurisprudence to show that the same unique language expresses both biting scepticism and profound faith in law and adjudication, and both deep pessimism and high aspirations for constitutional rights. An understanding of these radically different meanings is essential for any evaluation of the work of constitutional courts today. 410 0$aCambridge studies in constitutional law ;$v10. 606 $aProportionality in law 606 $aConstitutional law 606 $aCivil rights 606 $aJurisprudence$xPhilosophy 615 0$aProportionality in law. 615 0$aConstitutional law. 615 0$aCivil rights. 615 0$aJurisprudence$xPhilosophy. 676 $a342.08/5 700 $aBomhoff$b J$g(Jacco),$01484464 801 0$bUkCbUP 801 1$bUkCbUP 906 $aBOOK 912 $a9910787620503321 996 $aBalancing constitutional rights$93703099 997 $aUNINA LEADER 05994oam 2200925 c 450 001 9910372823703321 005 20260302090207.0 010 $a9783839403143 010 $a3839403146 024 7 $a10.14361/9783839403143 035 $a(CKB)3710000000482617 035 $a(OAPEN)1007376 035 $a(DE-B1597)461211 035 $a(OCoLC)1013941480 035 $a(OCoLC)944050483 035 $a(DE-B1597)9783839403143 035 $a(MiAaPQ)EBC5494152 035 $a(Au-PeEL)EBL5494152 035 $a(OCoLC)1049909774 035 $a(transcript Verlag)9783839403143 035 $a(MiAaPQ)EBC6955653 035 $a(Au-PeEL)EBL6955653 035 $a(oapen)https://directory.doabooks.org/handle/20.500.12854/38528 035 $a(ScCtBLL)f064d608-1ec8-4082-8152-bdb2a0f6bcc0 035 $a(EXLCZ)993710000000482617 100 $a20260302h20152005 uy 0 101 0 $ager 135 $auuuuu---auuuu 181 $ctxt$2rdacontent 182 $cc$2rdamedia 183 $acr$2rdacarrier 200 00$aAtelier und Dichterzimmer in neuen Medienwelten$eZur aktuellen Situation von Künstler- und Literaturhäusern$fSabiene Autsch, Michael Grisko, Peter Seibert 205 $a1st ed. 210 $aBielefeld$ctranscript Verlag$d2015 210 $d2015, c2005 215 $a1 online resource (264) 225 0 $aSchriften zum Kultur- und Museumsmanagement 311 08$a9783899423143 311 08$a3899423143 327 $aFrontmatter 1 INHALTSVERZEICHNIS 5 Einleitung 9 Sammeln, Zeigen, Darstellen. Zur Modernita?t und Medialita?t von Ausstellungen 13 "Expositionen" - Ku?nstlerhaus und Atelier im Medienumbruch 27 Die Wandlung des Ku?nstlerateliers - Von dem Ort der Inszenierung zu der Inszenierung des Ortes - - - 55 "Hier haftet, harrt, klebt das Ende" - Spoerris ,Bronzeatelier' als Inszenierung der Erinnerung in Zeiten der Verga?nglichkeit æ 71 August Macke Haus - DasWohn- und Atelierhaus zur Zeit August Macke 85 Das Gerhard-Marcks-Haus in Bremen 95 Literatur als Themenfeld und Exponat der documenta-Geschichte 101 Literarisches in Szene setzen: Literatur ausstellen, darstellen, erproben 121 Centre Du?rrenmatt Neucha?tel Gedenk- oder Denksta?tte? 131 Brecht-Haus Berlin: Authentische Dichterra?ume heute 143 Das Bru?ckner-Ku?hner-Haus in Kassel. Anmerkungen zur metonymischen Struktur einer Gedenksta?tte 153 Authentische Orte und rekonstruierte Erinnerungssta?tten am Beispiel der Bru?der Grimm 165 Medien - Literaturen. Kuratorische Schnittstellen zwischen Christine Bru?ckner und Digitaler Poesie 187 Mo?glichkeiten und Grenzen medienintegrierender Ausstellungskonzepte fu?r historische Ra?ume am Beispiel des Lessinghauses von 1730 inWolfenbu?ttel 201 Von der Apotheose des Dichters hin zur Ausstellung des Sichtbaren. Das Schiller-Nationalmuseum und das Literaturmuseum der Moderne in Marbach 221 U?ber Tradition und Moderne in der Marbacher Museums- und Ausstellungskonzeption, u?ber neue Medien, Architektur und Besuchererwartungen 229 Kein Ort? Nirgends? Anmerkungen zu Ausstellungen von Exil und Exilliteratur 239 AUTORINNEN UND AUTOREN 261 Backmatter 264 330 $aIm Zuge des historischen und medialen Umbruchs am Ende des 20. Jahrhunderts haben sich Ort, Raum und Architektur der Ausstellung und damit verbunden der Prozess des Ausstellens radikal verändert. Der umfangreiche, bebilderte Band gibt Einblick in aktuelle Ausstellungsästhetiken von Künstler- und Literaturhäusern. Beiträge aus Theorie und Praxis reflektieren facettenreich die neuen Formen und Möglichkeiten der Inszenierung und Ausstellbarkeit von Kunst und Literatur, von Bild und Text sowie von künstlerischen Biografien und Lebensformen im medialen Zeitalter. 330 1 $a»Wie aufgeschlossen sich eine Institution gegenüber der sich stetig weiterentwickelnden Sprache des Ausstellens zeigt, welche Strategien letztendlich verfolgt werden, hängt von vielen Faktoren ab. Die Faszination liegt nicht zuletzt in der Vielfalt unterschiedlicher Möglichkeiten und inhaltlicher Herangehensweisen, wie die Beiträge der 17 Autorinnen und Autoren von 'Atelier und Dichterzimmer in neuen Medienwelten' lebhaft vor Augen führen. Das aus einem Forschungsprojekt hervorgegangene Buch zeigt unterschiedliche Interpretations- und Präsentationsansätze von Ausstellungsmachern und -theoretikern in Künstler- und Literaturhäusern.« 330 1 $aBesprochen in:www. ebensolch.at, 21 (2006), Ch. Ranseder 410 0$aSchriften Zum Kultur- und Museumsmanagement 517 2 $aAutsch/Seibert, Atelier und Dichterzimmer$eZur aktuellen Situation von Künstler- und Literaturhäusern 606 $aAusstellung 606 $aMuseum 606 $aAtelier 606 $aPractical Museography 606 $aInszenierung 606 $aMuseology 606 $aKuratorische Praxis 606 $aArt History 606 $aMedienumbruch 606 $aPraktische Museumskunde 606 $aMuseumswissenschaft 606 $aKunstgeschichte 615 4$aAusstellung 615 4$aMuseum 615 4$aAtelier 615 4$aPractical Museography 615 4$aInszenierung 615 4$aMuseology 615 4$aKuratorische Praxis 615 4$aArt History 615 4$aMedienumbruch 615 4$aPraktische Museumskunde 615 4$aMuseumswissenschaft 615 4$aKunstgeschichte 676 $a800 686 $aAP 15480$2rvk 702 $aAutsch$b Sabiene$p
Sabiene Autsch, Universität Paderborn, Deutschland
$4edt 702 $aGrisko$b Michael$pMichael Grisko, freier Kulturjournalist ZDF/3sat, Deutschland und Österreich
$4edt 702 $aSeibert$b Peter$pPeter Seibert, Universität Kassel, Deutschland
$4edt 801 0$bDE-B1597 801 1$bDE-B1597 906 $aBOOK 912 $a9910372823703321 996 $aAtelier und Dichterzimmer in neuen Medienwelten$94413949 997 $aUNINA